[Event "Hanoi IM 05"]
[Site "Hanoi"]
[Date "2024.05.21"]
[Round "1"]
[White "Aashman, Gupta"]
[Black "Young, Angelo"]
[Result "0-1"]
[WhiteElo "2219"]
[BlackElo "2165"]
[PlyCount "67"]
[EventDate "2024.05.21"]
[EventType "tourn"]
[EventRounds "9"]
[EventCountry "VIE"]
[SourceTitle "CBM 220 Extra"]
[Source "ChessBase"]
[SourceDate "2024.07.31"]
[SourceVersion "1"]
[SourceVersionDate "2024.07.31"]
[SourceQuality "1"]

1. d4 Nf6 2. c4 g6 3. Nc3 Bg7 4. e4 0-0 5. Be2 c5 6. d5 e6 7. Be3 exd5 8. cxd5 d6 9. Nf3 a6 10. a4 Bg4 11. Nd2 Bxe2 12. Qxe2 Re8 13. 0-0 Nbd7 14. f3 Rc8 15. a5 Qc7 16. Rfc1 h5 17. Nc4 Ne5 18. Nxe5 Rxe5 19. b4 cxb4 20. Nb5 Qd7 21. Rxc8+ Qxc8 22. Nxd6 Qd7 23. Nc4 Re8 24. Rb1 Qb5 25. Qa2 Bf8 26. Bd4 Nxe4 27. Nb6 Bc5 28. fxe4 Bxd4+ 29. Kh1 Rxe4 30. Qc2 Rf4 31. Qd1 Bxb6 32. axb6 Qxb6 33. Qe2 Qd4 34. Rd1 0-1

[Event "Quang Ninh IM-A"]
[Site "Ha Long"]
[Date "2024.05.16"]
[Round "5"]
[White "De Guzman, Ricardo"]
[Black "Aashman, Gupta"]
[Result "1/2-1/2"]
[WhiteElo "2282"]
[BlackElo "2219"]
[PlyCount "43"]
[EventDate "2024.05.14"]
[EventType "tourn"]
[EventRounds "9"]
[EventCountry "VIE"]
[SourceTitle "CBM 220 Extra"]
[Source "ChessBase"]
[SourceDate "2024.07.31"]
[SourceVersion "1"]
[SourceVersionDate "2024.07.31"]
[SourceQuality "1"]

1. Nf3 d5 2. g3 Bg4 3. Bg2 Nd7 4. c4 c6 5. cxd5 cxd5 6. Nc3 e6 7. Qa4 Bxf3 8. Bxf3 Ngf6 9. d4 Bd6 10. Nb5 Bb8 11. Bd2 0-0 12. Ba5 Nb6 13. Qb3 a6 14. Na3 Bc7 15. 0-0 Nfd7 16. Bb4 Re8 17. Rfc1 Nb8 18. Bc5 Qc8 19. Nc2 Nc6 20. e3 Qd7 21. Ne1 Na5 22. Qd1 1/2-1/2

[Event "Titled Tuesday intern op 30th Jan Early"]
[Site "Chess.com INT"]
[Date "2024.01.30"]
[Round "6"]
[White "Aashman, Gupta"]
[Black "Bueno, Alfeu Varela Jr"]
[Result "0-1"]
[WhiteElo "2235"]
[BlackElo "2156"]
[PlyCount "96"]
[EventDate "2024.01.30"]
[EventType "swiss (blitz)"]
[EventRounds "11"]
[EventCountry "USA"]
[SourceTitle "EXT 2025"]
[Source "ChessBase"]
[SourceDate "2024.10.14"]
[SourceVersion "1"]
[SourceVersionDate "2024.10.14"]
[SourceQuality "1"]

1. b3 d5 2. Bb2 Nf6 3. e3 c5 4. Nf3 a6 5. d4 Nc6 6. dxc5 Bg4 7. Be2 e6 8. 0-0 Bxc5 9. c4 0-0 10. Nc3 dxc4 11. bxc4 Qc7 12. h3 Bh5 13. Qc1 Rad8 14. Ba3 Nb4 15. Na4 Be7 16. Qb2 Nd3 17. Bxd3 Rxd3 18. Bxe7 Qxe7 19. Ne5 Rd6 20. Rab1 Ne4 21. Qxb7 Qh4 22. Rbc1 Rd2 23. Ng4 f5 24. Ne5 Rxf2 25. Qd7 Qg3 26. Rxf2 Qxf2+ 27. Kh2 Qg3+ 28. Kg1 Qxe5 29. Rd1 Bxd1 30. Qxd1 Nc3 31. Qf3 Nxa4 32. g4 fxg4 33. Qxg4 Nc3 34. Kg2 Qe4+ 35. Qxe4 Nxe4 36. h4 Rf2+ 37. Kh3 Rxa2 38. Kg4 Rc2 39. h5 Rxc4 40. h6 gxh6 41. Kh5 a5 42. Kg4 a4 43. Kh5 a3 44. Kg4 a2 45. Kf4 a1Q 46. Kg4 Qg1+ 47. Kh5 Rc2 48. Kxh6 Rh2# 0-1

[Event "Titled Tuesday intern op 23rd Jan Early"]
[Site "Chess.com INT"]
[Date "2024.01.23"]
[Round "4"]
[White "Aashman, Gupta"]
[Black "Ashraf, Artin"]
[Result "0-1"]
[WhiteElo "2235"]
[BlackElo "2399"]
[PlyCount "72"]
[EventDate "2024.01.23"]
[EventType "swiss (blitz)"]
[EventRounds "11"]
[EventCountry "USA"]
[SourceTitle "EXT 2025"]
[Source "ChessBase"]
[SourceDate "2024.10.14"]
[SourceVersion "1"]
[SourceVersionDate "2024.10.14"]
[SourceQuality "1"]

1. b3 a5 2. a3 Nf6 3. Bb2 d5 4. e3 c6 5. Nf3 Bf5 6. c4 e6 7. Nc3 Nbd7 8. d4 Bd6 9. Bd3 0-0 10. 0-0 Ne4 11. Bxe4 dxe4 12. Nd2 Nf6 13. f3 exf3 14. Qxf3 Bg6 15. e4 e5 16. d5 Bc5+ 17. Kh1 Bd4 18. Na4 Re8 19. Rfe1 Nd7 20. Qd3 Nc5 21. Nxc5 Bxb2 22. Rab1 Bxa3 23. Na4 Bb4 24. Rf1 Rc8 25. Nf3 f6 26. Rbd1 cxd5 27. cxd5 b5 28. Qxb5 Bxe4 29. Nh4 Qd6 30. Qe2 Bg6 31. Nxg6 hxg6 32. Qg4 f5 33. Qh4 e4 34. Qf2 Qe5 35. h3 Bd6 36. Nb6 Qh2# 0-1

[Event "Titled Tuesday intern op 23rd Jan Early"]
[Site "Chess.com INT"]
[Date "2024.01.23"]
[Round "11"]
[White "Aashman, Gupta"]
[Black "Nunez V, Gustavo Eduardo"]
[Result "0-1"]
[WhiteElo "2235"]
[BlackElo "2226"]
[PlyCount "40"]
[EventDate "2024.01.23"]
[EventType "swiss (blitz)"]
[EventRounds "11"]
[EventCountry "USA"]
[SourceTitle "EXT 2025"]
[Source "ChessBase"]
[SourceDate "2024.10.14"]
[SourceVersion "1"]
[SourceVersionDate "2024.10.14"]
[SourceQuality "1"]

1. b3 Nf6 2. Bb2 g6 3. Nf3 Bg7 4. g3 0-0 5. Bg2 d5 6. 0-0 c5 7. d3 Nc6 8. Nbd2 Re8 9. e4 d4 10. h3 e5 11. Nh2 Nh5 12. f4 Nxg3 13. Rf3 exf4 14. Rxf4 Qg5 15. Qf3 Ne5 16. Qf2 Bh6 17. Rf6 Nh5 18. Rf1 Qxf6 19. Qxf6 Nxf6 20. Rxf6 Bxd2 0-1

[Event "Titled Tuesday intern op 23rd Jan Early"]
[Site "Chess.com INT"]
[Date "2024.01.23"]
[Round "10"]
[White "Leve, Nitai D"]
[Black "Aashman, Gupta"]
[Result "1-0"]
[WhiteElo "2128"]
[BlackElo "2235"]
[PlyCount "67"]
[EventDate "2024.01.23"]
[EventType "swiss (blitz)"]
[EventRounds "11"]
[EventCountry "USA"]
[SourceTitle "EXT 2025"]
[Source "ChessBase"]
[SourceDate "2024.10.14"]
[SourceVersion "1"]
[SourceVersionDate "2024.10.14"]
[SourceQuality "1"]

1. e4 e5 2. Nf3 Nc6 3. Bb5 a6 4. Ba4 d6 5. d4 b5 6. Bb3 Nxd4 7. Nxd4 exd4 8. c3 dxc3 9. Qd5 Be6 10. Qc6+ Bd7 11. Qxc3 Nf6 12. 0-0 Be7 13. Qg3 0-0 14. Nc3 Be6 15. Bc2 Nd7 16. Bf4 f5 17. Rfe1 Kh8 18. Rad1 Nc5 19. e5 Qd7 20. exd6 cxd6 21. Bxd6 Bxd6 22. Rxd6 Qf7 23. Qe5 Rac8 24. b4 Ne4 25. Bxe4 fxe4 26. Nxe4 Bf5 27. Ng5 Qxa2 28. h3 Rc7 29. Rd4 Qc2 30. Rf4 Rcc8 31. Qe7 Rce8 32. Qxe8 Qc5 33. bxc5 Rxe8 34. Rxe8# 1-0

[Event "Titled Tuesday intern op 28th Nov Early"]
[Site "Chess.com INT"]
[Date "2023.11.28"]
[Round "7"]
[White "Aashman, Gupta"]
[Black "Bardyk, Artem"]
[Result "0-1"]
[WhiteElo "2235"]
[BlackElo "2206"]
[PlyCount "106"]
[EventDate "2023.11.28"]
[EventType "swiss (blitz)"]
[EventRounds "11"]
[EventCountry "USA"]
[SourceTitle "EXT 2025"]
[Source "ChessBase"]
[SourceDate "2024.10.14"]
[SourceVersion "1"]
[SourceVersionDate "2024.10.14"]
[SourceQuality "1"]

1. b3 d5 2. Bb2 Nf6 3. e3 Bf5 4. Nf3 e6 5. c4 c6 6. Nc3 h6 7. d4 Bb4 8. Bd3 Bxd3 9. Qxd3 Ne4 10. 0-0 Bxc3 11. Bxc3 0-0 12. Ne5 Nd7 13. Nxd7 Qxd7 14. Bb4 Rfd8 15. f3 Nf6 16. Be1 Rac8 17. Bg3 c5 18. dxc5 Rxc5 19. cxd5 Rxd5 20. Qc4 Rd2 21. Be5 Rc8 22. Qh4 Rcc2 23. Kh1 Rxg2 24. Rg1 Qd2 25. Rad1 Qe2 26. Qh3 Rxg1+ 27. Rxg1 Qxe3 28. Bxf6 Rc1 29. Qg2 Qxg1+ 30. Qxg1 Rxg1+ 31. Kxg1 gxf6 32. Kf2 Kf8 33. Ke3 Ke7 34. Kd4 Kd6 35. h4 e5+ 36. Ke4 Ke6 37. b4 f5+ 38. Ke3 Kd5 39. a3 f4+ 40. Kd3 f5 41. h5 e4+ 42. Ke2 Kd4 43. Kd2 exf3 44. a4 b6 45. a5 bxa5 46. bxa5 a6 47. Kd1 Kd3 48. Ke1 Ke3 49. Kf1 f2 50. Kg2 Ke2 51. Kh2 Kf3 52. Kh3 f1Q+ 53. Kh4 Qh1# 0-1

[Event "Titled Tuesday intern op 28th Nov Early"]
[Site "Chess.com INT"]
[Date "2023.11.28"]
[Round "10"]
[White "Aashman, Gupta"]
[Black "Buscar, Michael"]
[Result "1-0"]
[WhiteElo "2235"]
[BlackElo "2041"]
[PlyCount "57"]
[EventDate "2023.11.28"]
[EventType "swiss (blitz)"]
[EventRounds "11"]
[EventCountry "USA"]
[SourceTitle "EXT 2025"]
[Source "ChessBase"]
[SourceDate "2024.10.14"]
[SourceVersion "1"]
[SourceVersionDate "2024.10.14"]
[SourceQuality "1"]

1. b3 b6 2. Bb2 Bb7 3. Nf3 Nf6 4. g3 e6 5. Bg2 Be7 6. 0-0 c5 7. d3 0-0 8. Nbd2 d6 9. e4 Nbd7 10. Qe2 Re8 11. e5 dxe5 12. Nxe5 Nxe5 13. Bxb7 Neg4 14. Bxa8 Qxa8 15. Ne4 Qd5 16. h3 Ne5 17. Rfe1 Nxe4 18. dxe4 Qd6 19. Rad1 Qc7 20. f4 Nc6 21. e5 Nb4 22. Rd2 Nxa2 23. Red1 Nb4 24. Rd7 Qc6 25. Rxa7 b5 26. Qg2 Qxg2+ 27. Kxg2 Nxc2 28. Rxe7 Ne3+ 29. Kf3 1-0

[Event "Titled Tuesday intern op 28th Nov Late"]
[Site "Chess.com INT"]
[Date "2023.11.28"]
[Round "5"]
[White "Aashman, Gupta"]
[Black "Georg, Heinz"]
[Result "0-1"]
[WhiteElo "2235"]
[BlackElo "2118"]
[PlyCount "64"]
[EventDate "2023.11.28"]
[EventType "swiss (blitz)"]
[EventRounds "11"]
[EventCountry "USA"]
[SourceTitle "EXT 2025"]
[Source "ChessBase"]
[SourceDate "2024.10.14"]
[SourceVersion "1"]
[SourceVersionDate "2024.10.14"]
[SourceQuality "1"]

1. g3 f5 2. Bg2 Nf6 3. b3 g6 4. Bb2 Bg7 5. d3 0-0 6. Nd2 d6 7. Ngf3 Nc6 8. 0-0 e5 9. e4 h6 10. Qe2 f4 11. gxf4 Nh5 12. fxe5 Nf4 13. Qe3 dxe5 14. d4 exd4 15. Qe1 Nxg2 16. Kxg2 Bg4 17. h3 Bxf3+ 18. Nxf3 Qf6 19. Nh2 Qg5+ 20. Kh1 Qh4 21. Kg2 Be5 22. Nf3 Rxf3 23. Kxf3 Qf4+ 24. Ke2 d3+ 25. cxd3 Bxb2 26. Rb1 Be5 27. Qd2 Nd4+ 28. Kd1 Qf3+ 29. Ke1 Bf4 30. Qb2 Qxd3 31. f3 Bg3+ 32. Rf2 Nxf3# 0-1

[Event "Titled Tuesday intern op 28th Nov Early"]
[Site "Chess.com INT"]
[Date "2023.11.28"]
[Round "6"]
[White "Rychkov, Oleg"]
[Black "Aashman, Gupta"]
[Result "1/2-1/2"]
[WhiteElo "2384"]
[BlackElo "2235"]
[PlyCount "114"]
[EventDate "2023.11.28"]
[EventType "swiss (blitz)"]
[EventRounds "11"]
[EventCountry "USA"]
[SourceTitle "EXT 2025"]
[Source "ChessBase"]
[SourceDate "2024.10.14"]
[SourceVersion "1"]
[SourceVersionDate "2024.10.14"]
[SourceQuality "1"]

1. e4 e5 2. Bc4 Nf6 3. d3 Nc6 4. Nc3 d6 5. f4 Na5 6. Bb3 Nxb3 7. axb3 c6 8. Nf3 Bg4 9. 0-0 Be7 10. Qe1 0-0 11. fxe5 dxe5 12. Be3 Nd7 13. Kh1 Bxf3 14. Rxf3 Bc5 15. Bd2 Kh8 16. Qg3 f6 17. Raf1 Rf7 18. Qh3 Nf8 19. Ne2 Qd7 20. g4 Ne6 21. Qh5 g6 22. Qh4 Raf8 23. Bh6 Ng7 24. Rxf6 Rxf6 25. Rxf6 Rxf6 26. Qxf6 Qe7 27. Qxe7 Bxe7 28. Bxg7+ Kxg7 29. Kg2 Bg5 30. Kf3 Kf6 31. c3 Ke6 32. d4 b6 33. b4 a5 34. bxa5 bxa5 35. b3 Bd2 36. h3 Kd6 37. dxe5+ Kxe5 38. Nd4 Bxc3 39. Nxc6+ Kd6 40. Nd8 Ke7 41. Nc6+ Kd6 42. Na7 Kc5 43. Kf4 Bd2+ 44. Ke5 Kb4 45. Kd5 Kxb3 46. e5 a4 47. e6 Bb4 48. Nb5 a3 49. Nxa3 Bxa3 50. Kc6 Kc4 51. Kd7 Kd5 52. e7 Bxe7 53. Kxe7 Ke5 54. Kf7 Kf4 55. Kg7 h5 56. Kxg6 hxg4 57. hxg4 Kxg4 1/2-1/2

[Event "Titled Tuesday intern op 21st Nov Early"]
[Site "Chess.com INT"]
[Date "2023.11.21"]
[Round "1"]
[White "Aashman, Gupta"]
[Black "Ernst, Luca"]
[Result "1-0"]
[WhiteElo "2235"]
[BlackElo "2084"]
[PlyCount "85"]
[EventDate "2023.11.21"]
[EventType "swiss (blitz)"]
[EventRounds "11"]
[EventCountry "USA"]
[SourceTitle "EXT 2025"]
[Source "ChessBase"]
[SourceDate "2024.10.14"]
[SourceVersion "1"]
[SourceVersionDate "2024.10.14"]
[SourceQuality "1"]

1. d4 d5 2. Nf3 Nf6 3. Bf4 Bf5 4. e3 e6 5. Nbd2 Be7 6. Be2 Nh5 7. Be5 Nd7 8. 0-0 f6 9. Nh4 g6 10. Nxf5 exf5 11. Bf4 Nxf4 12. exf4 Bd6 13. g3 c6 14. Re1 Kf7 15. c3 Qc7 16. Qb3 h5 17. Bf3 Nb6 18. a4 a5 19. Re3 g5 20. fxg5 fxg5 21. Rae1 g4 22. Bg2 Rae8 23. Qc2 Qd7 24. f4 h4 25. Rxe8 Rxe8 26. Rxe8 Kxe8 27. Bf1 Qe6 28. Qd3 Nxa4 29. b3 Nb6 30. c4 Bb4 31. c5 Bxd2 32. Qxd2 Nd7 33. Kf2 Nf6 34. Bd3 h3 35. Qxa5 Ne4+ 36. Kf1 Nxg3+ 37. hxg3 h2 38. Kg2 Qe3 39. Qa8+ Ke7 40. Qxb7+ Kd8 41. Qb8+ Kd7 42. Qd6+ Kc8 43. Bxf5+ 1-0

[Event "Titled Tuesday intern op 21st Nov Early"]
[Site "Chess.com INT"]
[Date "2023.11.21"]
[Round "6"]
[White "Aashman, Gupta"]
[Black "Zivic, Dragan"]
[Result "1-0"]
[WhiteElo "2235"]
[BlackElo "2150"]
[PlyCount "61"]
[EventDate "2023.11.21"]
[EventType "swiss (blitz)"]
[EventRounds "11"]
[EventCountry "USA"]
[SourceTitle "EXT 2025"]
[Source "ChessBase"]
[SourceDate "2024.10.14"]
[SourceVersion "1"]
[SourceVersionDate "2024.10.14"]
[SourceQuality "1"]

1. Nf3 Nf6 2. g3 b6 3. Bg2 Bb7 4. 0-0 e6 5. b3 d5 6. Bb2 Be7 7. d3 0-0 8. Nbd2 c5 9. Ne5 Nfd7 10. Nxd7 Nxd7 11. e4 Bf6 12. Bxf6 Qxf6 13. Kh1 Rfd8 14. Qe2 Qc3 15. Rac1 Nf6 16. e5 Nd7 17. f4 g6 18. h4 h5 19. Nf3 Nf8 20. Ng5 Nh7 21. Rf2 Rac8 22. Rcf1 c4 23. dxc4 Qxg3 24. Rf3 Qxh4+ 25. Rh3 Qxh3+ 26. Nxh3 Ba8 27. cxd5 Bxd5 28. Bxd5 Rxd5 29. Rd1 Rcd8 30. Rxd5 Rxd5 31. Nf2 1-0